[Event "GCM Online Tournament Group B"]
[Site "SchemingMind.com"]
[Date "2005.04.19"]
[Round "-"]
[White "mdthornton"]
[Black "Marcello"]
[Result "0-1"]
[WhiteCountry "GBR"]
[BlackCountry "USA"]
[WhiteElo "1419"]
[WhiteRD "182"]
[BlackElo "1476"]
[BlackRD "101"]
[GameID "13178"]

1. e4 e5 2. d4 exd4 3. Qxd4 Nc6 4. Qc4 Nf6 5. Bg5 Be7 6. a3 d5 7. Qa4 Nxe4 8. Bxe7 Qxe7 9. Be2 O-O 10. c4 d4
11. Qc2 Bf5 12. Qb3 Nc5 13. Qf3 d3 14. Qxf5 dxe2 15. Nc3 Nd4 16. Nd5 Nxf5 17. Nxe7+ Nxe7 18. Nxe2 Nd3+ 19. Kf1 Nxb2 20. Rb1 Nxc4
21. Rc1 Nxa3 22. Rxc7 Nc6 23. g3 Rfe8 24. Rxb7 Reb8 25. Rc7 Rb1+ 26. Kg2 Rxh1 27. Kxh1 Ne5 28. Nf4 g6 29. Re7 Nac4 30. Nd5 a5
31. f4 Nd3 32. Rd7 Nc5 33. Rc7 Ne3 34. Rxc5 Nxd5 35. Rxd5= a4 36. Rd2 a3 37. Ra2 Ra4 38. Kg2 Kg7 39. g4 Rxf4 40. h3 Ra4
41. Kf3 g5 42. Ke2 Kg6 43. Kd1 h5 44. Kc1 f5 45. Kb1 hxg4 46. hxg4 fxg4 47. Rg2 Kf5 48. Rg3 Kf4 49. Rg1 Kf3 50. Rf1+ Ke3
51. Rf5 g3 52. Rxg5 Kf3 53. Rf5+ Kg2 54. Ka2 Kg1 55. Kb3 a2 56. Kxa4= a1=Q+
0-1

[Event "GCM Online Tournament Group B"]
[Site "SchemingMind.com"]
[Date "2005.07.06"]
[Round "-"]
[White "Marcello"]
[Black "mdthornton"]
[Result "1-0"]
[WhiteCountry "USA"]
[BlackCountry "GBR"]
[WhiteElo "1560"]
[WhiteRD "90"]
[BlackElo "1392"]
[BlackRD "120"]
[GameID "13179"]

1. Nf3 c6 2. g3 e6 3. e4 Qa5 4. Bg2 e5 5. O-O d5 6. exd5 Qxd5 7. Nc3 Qd6 8. Ne4 Qh6 9. d4 Qe6 10. dxe5 f6
11. exf6 Qxe4 12. Re1 Qxe1+ 13. Qxe1+ Kd8 14. Ng5 Nh6 15. Ne6+ Bxe6 16. Qxe6 Bc5 17. Bxh6 gxh6 18. Rd1+ Kc7 19. f7 Na6 20. Rd7+ Kb6
21. Qb3+ Ka5 22. Bf1 b5 23. a4 Rhd8 24. Rxd8 Rxd8 25. axb5 Nb8 26. bxc6
1-0

[Event "GCM Online Tournament Group B"]
[Site "SchemingMind.com"]
[Date "2005.04.27"]
[Round "-"]
[White "Danny Malett"]
[Black "Marcello"]
[Result "0-1"]
[WhiteCountry "USA"]
[BlackCountry "USA"]
[WhiteElo "1466"]
[WhiteRD "106"]
[BlackElo "1497"]
[BlackRD "98"]
[GameID "13182"]

1. e4 Nf6 2. d3 e5 3. d4 Nxe4 4. Qe2 Nf6 5. Qxe5+ Be7 6. Nf3 Nc6 7. Qb5 a6 8. Qg5 g6 9. Bc4 d5 10. Bd3 Ne4
11. Qh6 Bf8 12. Qe3 Qe7 13. c4 Bh6 14. Qe2 Bxc1 15. Na3 Bxb2 16. Qxb2 Ng3+ 17. Kd2 Nxh1 18. Rxh1 O-O 19. cxd5 Qb4+ 20. Kc2 Qxb2+
21. Kxb2 Ne7 22. Bc4 b5 23. Bb3 Bb7 24. Ne5 Bxd5 25. Rc1 Bxb3 26. axb3 Rac8 27. Nc2 c5 28. dxc5 Rfd8 29. Ne3 Rd2+ 30. Kb1 Rxf2
31. b4 Rd8 32. N3g4 Rf4 33. Nh6+ Kg7 34. g3 Rxb4+ 35. Kc2 Rd5 36. Nhxf7 Rxc5+ 37. Kd2 Rb2+ 38. Kd1 Rxc1+ 39. Kxc1 Rxh2 40. Nd6 h5
41. Ne8+ Kg8 42. Nf3 Rf2 43. Ne5 b4 44. Nd3 Rf1+ 45. Kb2 Nd5 46. Ne5 Re1 47. Nxg6 Rxe8 48. Nh4 a5 49. Nf5 a4 50. Nh6+ Kf8
51. Nf5 Re2+ 52. Kc1 b3
0-1

[Event "GCM Online Tournament Group B"]
[Site "SchemingMind.com"]
[Date "2005.05.10"]
[Round "-"]
[White "Danny Malett"]
[Black "mdthornton"]
[Result "0-1"]
[WhiteCountry "USA"]
[BlackCountry "GBR"]
[WhiteElo "1466"]
[WhiteRD "106"]
[BlackElo "1456"]
[BlackRD "135"]
[GameID "13183"]

1. e4 c5 2. c3 Nf6 3. d3 d5 4. e5 Ng4 5. Nf3 c4 6. h3 Nh6 7. d4 e6 8. Na3 Qa5 9. Bg5 Bxa3 10. Qd2 Be7
11. a3 Nc6 12. Bxe7 Nxe7 13. Qg5 Nef5 14. g4 f6 15. exf6 gxf6 16. Qxf6 Rf8 17. Qe5 Nf7 18. Qf6 Ne7 19. Ng5 Qb6 20. O-O-O Nxg5
21. Qxg5 Rxf2 22. Rd2 Rxd2 23. Kxd2 Qxb2+ 24. Kd1 Qxc3 25. Rh2 Qa1+ 26. Ke2 Qb2+ 27. Qd2 Qxa3 28. Rf2 Bd7 29. Rf3 Qa1 30. Qf4 Qb2+
31. Ke3 Qc1+ 32. Kf2 Qxf4 33. Rxf4 Nc6 34. g5 Ke7 35. Rh4 Rf8+ 36. Kg2 h6 37. Rxh6 Nxd4 38. h4 c3 39. Kh2 Rxf1 40. Rh7+ Kd6
41. g6 Rf2+ 42. Kg3 Rf8 43. Kg4 c2 44. g7 Rg8 45. Kg5 Nf5 46. h5 Nxg7 47. h6 Nf5+ 48. Kf6 Rf8+ 49. Rf7 Rxf7+ 50. Kxf7 Nxh6+
0-1

[Event "GCM Online Tournament Group B"]
[Site "SchemingMind.com"]
[Date "2005.05.23"]
[Round "-"]
[White "Marcello"]
[Black "Danny Malett"]
[Result "0-1"]
[WhiteCountry "USA"]
[BlackCountry "USA"]
[WhiteElo "1497"]
[WhiteRD "98"]
[BlackElo "1466"]
[BlackRD "106"]
[GameID "13184"]

1. Nf3 d5 2. c4 e6 3. g3 dxc4 4. Qa4+ c6 5. Qxc4 Qd5 6. Qc2 Bc5 7. Nc3 Qd8 8. Ne4 Bb6 9. Bg2 Nh6 10. O-O f5
11. Nc5 O-O 12. d4 Bxc5 13. Bxh6 gxh6 14. dxc5 a5 15. Rad1 Qf6 16. Qc4 Kg7 17. Qd4 e5 18. Qxe5 Nd7 19. Qc7 h5 20. h4 Rf7
21. Ng5 Re7 22. Rd6 Nxc5 23. Qd8 Ne6 24. Qb6 Qe5 25. Rd2 f4 26. Nxe6+ Rxe6 27. Qd4 fxg3 28. Qxe5+ Rxe5 29. f4 Re8 30. Rf3 Bg4
31. Rxg3 Kf7 32. Bf3 Bxf3 33. Rxf3 Rg8+ 34. Kf2 Rad8 35. Rfd3 Rde8 36. f5 Kf6 37. Rf3 Rgf8 38. Rd6+ Ke5 39. Re6+ Rxe6 40. fxe6 Rxf3+
41. exf3 Kxe6 42. Ke3 Ke5 43. f4+ Kf5 44. Kf3 b5 45. b3 c5 46. a3= c4 47. bxc4= bxc4 48. Ke3 c3 49. Kd3 c2 50. Kxc2= Kxf4
51. Kd2 Kg4 52. Ke3 Kxh4 53. Kf2 Kh3 54. Kg1 a4 55. Kh1 Kg3 56. Kg1 Kf3
0-1

[Event "GCM Online Tournament Group B"]
[Site "SchemingMind.com"]
[Date "2005.04.19"]
[Round "-"]
[White "mdthornton"]
[Black "Danny Malett"]
[Result "0-1"]
[WhiteCountry "GBR"]
[BlackCountry "USA"]
[WhiteElo "1419"]
[WhiteRD "182"]
[BlackElo "1557"]
[BlackRD "125"]
[GameID "13185"]

1. e4 d5 2. Qh5 Nf6 3. Qf3 dxe4 4. Qc3 Nd5 5. Bb5+ c6 6. Qc4 a6 7. Bxc6+ bxc6 8. Qxe4 Nf6 9. Qa4 Qd5 10. f3 e5
11. Nc3 Qc5 12. Ne4 Nxe4 13. Qxe4 Qd4 14. d3 g6 15. c3 Qxe4+ 16. dxe4 Bg7 17. Ne2 a5 18. f4 h6 19. O-O Bg4 20. Ng3 Nd7
21. f5 O-O-O 22. h3 h5 23. hxg4 hxg4 24. Bg5 Nf6 25. b4 a4 26. fxg6 Nxe4 27. Bxd8 Nxg3 28. Rxf7 Bh6 29. Bf6 Be3#
0-1

[Event "GCM Online Tournament Group B"]
[Site "SchemingMind.com"]
[Date "2005.05.10"]
[Round "-"]
[White "AJS"]
[Black "Marcello"]
[Result "0-1"]
[WhiteCountry "USA"]
[BlackCountry "USA"]
[WhiteElo "1229"]
[WhiteRD "176"]
[BlackElo "1497"]
[BlackRD "98"]
[GameID "13187"]

1. e4 e6 2. Bc4 d5 3. exd5 exd5 4. Bd3 Nf6 5. Nf3 Bd6 6. O-O O-O 7. Nc3 c6 8. Be2 Bg4 9. d4 h6 10. Be3 Qb6
11. b3 c5 12. dxc5 Bxc5 13. Bxc5 Qxc5 14. Na4 Qd6 15. c4 Nbd7 16. Nc3 Nb6 17. h3 Bh5 18. g4 Nxg4 19. hxg4 Bxg4 20. Re1 Rfe8
21. Nb5 Qc5 22. Rb1 Rad8 23. Nd2 Bxe2 24. Rxe2 Rxe2 25. Qxe2 dxc4 26. bxc4 Qg5+ 27. Kf1 Qh4 28. Nxa7 Qh1#
0-1

[Event "GCM Online Tournament Group B"]
[Site "SchemingMind.com"]
[Date "2005.04.26"]
[Round "-"]
[White "AJS"]
[Black "Danny Malett"]
[Result "0-1"]
[WhiteCountry "USA"]
[BlackCountry "USA"]
[WhiteElo "1262"]
[WhiteRD "232"]
[BlackElo "1557"]
[BlackRD "125"]
[GameID "13188"]

1. e4 d5 2. exd5 Qxd5 3. Nc3 Qe5+ 4. Qe2 Qe6 5. Nb5 Qd7 6. g4 a6 7. Nc3 Nf6 8. Bh3 Qc6 9. Nf3 Bxg4 10. Bxg4 Nxg4
11. Rg1 h5 12. d4 e6 13. h3 Nf6 14. Bg5 Nbd7 15. Kf1 O-O-O 16. b4 Qxc3 17. Rb1 Re8 18. b5 a5 19. Bxf6 gxf6 20. d5 Bc5
21. dxe6 Rxe6 22. Qd2 Qxf3 23. Rg3 Qh1+ 24. Rg1 Qxh3+ 25. Rg2 Rg8 26. Rd1 Qxg2#
0-1

[Event "GCM Online Tournament Group B"]
[Site "SchemingMind.com"]
[Date "2005.04.27"]
[Round "-"]
[White "AJS"]
[Black "mdthornton"]
[Result "0-1"]
[WhiteCountry "USA"]
[BlackCountry "GBR"]
[WhiteElo "1229"]
[WhiteRD "176"]
[BlackElo "1456"]
[BlackRD "135"]
[GameID "13189"]

1. e4 d5 2. exd5 Qxd5 3. Ne2 Nf6 4. Nbc3 Qf5 5. d4 Ne4 6. Nxe4 Qxe4 7. Be3 Bh3 8. Nc3 Bg4 9. f3 Bxf3 10. Nxe4 Bxd1
11. Kxd1 e6 12. Bb5+ c6 13. Bc4 Nd7 14. Ke2 O-O-O 15. Rad1 h6 16. Rhf1 f5 17. Nc5 Re8 18. Bxe6 Bxc5 19. dxc5 Rxe6 20. Rxf5 Rhe8
21. Rd3 Nf6 22. Kd2 Ng4 23. Bg1 Re2+ 24. Kc1 Rxg2 25. Bd4 Rxh2 26. Bxg7 Re1+ 27. Rd1 Rxd1+ 28. Kxd1 Ne3+
0-1

[Event "GCM Online Tournament Group B"]
[Site "SchemingMind.com"]
[Date "2005.05.03"]
[Round "-"]
[White "Danny Malett"]
[Black "AJS"]
[Result "1/2-1/2"]
[WhiteCountry "USA"]
[BlackCountry "USA"]
[WhiteElo "1466"]
[WhiteRD "106"]
[BlackElo "1229"]
[BlackRD "176"]
[GameID "13191"]

1. e4 e5 2. Nf3 Bd6 3. d4 Nc6 4. Bc4 exd4 5. Ng5 Nh6 6. Qh5 Ne5 7. Bb3 O-O 8. O-O Be7 9. f4 Bxg5 10. fxg5 Nhg4
11. h3 Ne3 12. Bxe3 dxe3 13. Nc3 d6 14. Rae1 Be6 15. Bxe6 fxe6 16. Nb5 Rxf1+ 17. Kxf1 Nf7 18. g6 hxg6 19. Qg4 Qd7 20. Nd4 Rf8
21. Kg1 Ne5 22. Qxe6+ Qxe6 23. Nxe6 Rf2 24. Rxe3 Rxc2 25. Rb3 b6 26. g4 Re2 27. Ng5 a5 28. Ne6 Rc2 29. Rc3 Rxb2 30. Rxc7 Rxa2
31. Rxg7+ Kh8 32. Rb7 Rb2 33. Rb8+ Kh7 34. g5 a4 35. Rb7+ Kg8 36. Ra7 b5 37. Ra6 Re2 38. Rxd6 Rxe4 39. Nc7 b4 40. Ra6 a3
41. Nd5 Kf7 42. Rf6+ Kg7 43. Ra6 Nf3+ 44. Kg2 Nxg5 45. Nxb4 Nxh3 46. Nd5 Re5 47. Nf6 Re3 48. Ng4 Nf4+ 49. Kf2 Rb3 50. Ne5 Rc3
51. Nf3 Nd5 52. Ne5 Rc2+ 53. Kg3 a2 54. Rxg6+ Kh7 55. Ra6 Nb4 56. Ra7+ Kg8 57. Kf3 Rc1 58. Nd3 a1=Q 59. Rxa1 Rxa1 60. Nxb4 Re1
61. Nd3 Re8 62. Nf2 Kf7 63. Ng4 Kg6 64. Kf4 Re6 65. Ne5+ Kh5 66. Kf5 Rxe5+= 67. Kxe5
1/2-1/2

[Event "GCM Online Tournament Group B"]
[Site "SchemingMind.com"]
[Date "2005.04.19"]
[Round "-"]
[White "mdthornton"]
[Black "AJS"]
[Result "1-0"]
[WhiteCountry "GBR"]
[BlackCountry "USA"]
[WhiteElo "1419"]
[WhiteRD "182"]
[BlackElo "1262"]
[BlackRD "232"]
[GameID "13192"]

1. e4 e5 2. d4 exd4 3. Qxd4 Nf6 4. Bg5 Be7 5. e5 Nc6 6. Qf4 Nh5 7. Qh4 Bxg5 8. Qxh5 Nxe5 9. Nf3 Nxf3+ 10. Qxf3 O-O
11. Bd3 Re8+ 12. Kd1 d6 13. Qh5 g6 14. Qf3 h5 15. h3 Bd7 16. Bc4 Rf8 17. Qxb7 Rb8 18. Qxa7 Rxb2 19. Bb3 Bf6 20. c3 Bf5
21. Nd2 Bxc3 22. Nc4 Rxb3 23. axb3 Bxa1 24. Qxa1 Qa8 25. Qxa8 Rxa8 26. Kd2 Ra2+ 27. Ke3 Bc2 28. Nd2 Ra3 29. Rc1 Rxb3+ 30. Nxb3 Bxb3
31. Rxc7 d5 32. Rc8+ Kg7 33. h4 Bc4 34. Kd4 f5 35. f4 Kf6 36. Kc5 Kg7= 37. Kd6 Kf6 38. g3 Kf7 39. Rc7+ Kf6 40. Rc6 Kf7
41. Ke5 Kg7 42. Rc7+ Kh6 43. Kf6 Bb3 44. Rd7 Bc4 45. Rg7 d4 46. Rxg6+ Kh7 47. Kg5 d3 48. Rd6 Kg7 49. Kxh5 Kf7 50. Kg5 Ke7
51. Rd4 Bb5 52. h5 Kf7 53. h6 Kg8 54. Kxf5 Kh7 55. Kg5 Kg8 56. f5 Kh7 57. f6 Kg8 58. Kh5 Ba6 59. Rd8+ Kh7 60. f7
1-0

[Event "GCM Online Tournament Group B"]
[Site "SchemingMind.com"]
[Date "2005.04.25"]
[Round "-"]
[White "anthonl"]
[Black "Danny Malett"]
[Result "0-1"]
[WhiteCountry "USA"]
[BlackCountry "USA"]
[WhiteElo "1272"]
[WhiteRD "101"]
[BlackElo "1466"]
[BlackRD "106"]
[GameID "13693"]

1. c4 d5 2. Qb3 c6 3. cxd5 cxd5 4. Qb5+ Qd7 5. Qxd7+ Bxd7 6. g3 Nf6 7. Bg2 Bg4 8. Nf3 e6 9. h3 Bh5 10. Nc3 a6
11. O-O Bc5 12. d4 Bd6 13. Bf4 Bxf4 14. gxf4 Nbd7 15. Ne5 Nxe5 16. dxe5 Nd7 17. Rad1 O-O 18. e4 Bxd1 19. Rxd1 d4 20. Rxd4 Nc5
21. f5 g6 22. b4 Rac8 23. bxc5 Rxc5 24. Ne2 Rc2 25. Bf1 Rxa2 26. f6 h5 27. Nc1 Ra1 28. Nb3 Ra3 29. Rd3 b5 30. Rg3 Rc8
31. f4 h4 32. Rf3 Ra4 33. f5 Rxe4 34. fxg6 fxg6 35. Rd3 Rxe5 36. Rd6 Kf7 37. Rd4 Kxf6 38. Rxh4 Rc2 39. Rh6 Rc3 40. Nd4 Rc1
41. h4 Kg7 42. Nf3 Rf5 43. h5 Kxh6 44. Kg2 gxh5 45. Bd3 Rf4 46. Kg3 Rg4+ 47. Kf2 Ra1 48. Ne5 Ra2+ 49. Kf3 Rg7
0-1

[Event "GCM Online Tournament Group B"]
[Site "SchemingMind.com"]
[Date "2005.05.18"]
[Round "-"]
[White "anthonl"]
[Black "AJS"]
[Result "0-1"]
[WhiteCountry "USA"]
[BlackCountry "USA"]
[WhiteElo "1200"]
[WhiteRD "93"]
[BlackElo "1306"]
[BlackRD "162"]
[GameID "13695"]

1. c3 e5 2. Qc2 Be7 3. d3 Nf6 4. Bd2 O-O 5. Na3 d5 6. O-O-O Bf5 7. g4 Nxg4 8. Bh3 Nc6 9. f3 Nf2 10. Bxf5 Nxh1
11. Be3 d4 12. cxd4 exd4 13. Bd2 Nf2 14. Rf1 Bh4 15. Qc4 g6 16. Be4 Nxe4 17. fxe4 Bg5 18. Nf3 Bxd2+ 19. Kxd2 Qf6 20. e5 Nxe5
21. Qxd4 Nxf3+ 22. Ke3 Qxd4+ 23. Kxf3 Qxb2
0-1

[Event "GCM Online Tournament Group B"]
[Site "SchemingMind.com"]
[Date "2005.05.24"]
[Round "-"]
[White "Danny Malett"]
[Black "anthonl"]
[Result "1-0"]
[WhiteCountry "USA"]
[BlackCountry "USA"]
[WhiteElo "1440"]
[WhiteRD "100"]
[BlackElo "1200"]
[BlackRD "93"]
[GameID "13697"]

1. e4 e5 2. Bc4 Qh4 3. Qf3 Qf4 4. Nh3 Qxf3 5. gxf3 d5 6. Bxd5 c6 7. Bc4 Bxh3 8. Rg1 b5 9. Bb3 a5 10. Rg5 Nd7
11. Rg3 a4 12. Bxf7+ Kxf7 13. Rxh3 Bc5 14. d3 Bb4+ 15. c3
1-0

[Event "GCM Online Tournament Group B"]
[Site "SchemingMind.com"]
[Date "2005.04.25"]
[Round "-"]
[White "mdthornton"]
[Black "anthonl"]
[Result "1-0"]
[WhiteCountry "GBR"]
[BlackCountry "USA"]
[WhiteElo "1456"]
[WhiteRD "135"]
[BlackElo "1272"]
[BlackRD "101"]
[GameID "13698"]

1. e4 Nc6 2. Qf3 Ne5 3. Qh5 g6 4. Qxe5 Nf6 5. d3 Nh5 6. Qxh8 Nf6 7. Bh6 d6 8. Qxf8+ Kd7 9. Qxd8+ Kxd8 10. g3 Bg4
11. Bh3 Bh5 12. f3 Ng8 13. g4 Nxh6 14. gxh5 gxh5 15. Ne2 e6 16. O-O f5 17. Ng3 Ke7 18. exf5 Rg8 19. Re1 h4 20. Rxe6+ Kf7
21. Rxh6
1-0

[Event "GCM Online Tournament Group B"]
[Site "SchemingMind.com"]
[Date "2005.06.24"]
[Round "-"]
[White "mathew_t"]
[Black "Marcello"]
[Result "1-0"]
[WhiteCountry "USA"]
[BlackCountry "USA"]
[WhiteElo "1582"]
[WhiteRD "99"]
[BlackElo "1560"]
[BlackRD "90"]
[GameID "13868"]

1. e4 c5 2. Nf3 d6 3. d4 cxd4 4. Nxd4 Nf6 5. Nc3 a6 6. Bc4 e6 7. Qf3 Be7 8. O-O Nc6 9. Rd1 Ne5 10. Qe2 Qc7
11. Bb3 O-O 12. Nf3 Nfg4 13. h3 Nxf3+ 14. Qxf3 Ne5 15. Qg3 g6 16. h4 b5 17. h5 Nc4 18. e5 Bb7 19. Bxc4 Qxc4 20. Bg5 f6
21. Bh6 Rfd8 22. hxg6 fxe5 23. gxh7+ Kf7 24. Qg7+ Ke8 25. h8=Q+ Kd7 26. Qxe7+ Kxe7 27. Qg7+ Ke8 28. Qf8+ Kd7 29. Qxd6+
1-0

[Event "GCM Online Tournament Group B"]
[Site "SchemingMind.com"]
[Date "2005.05.16"]
[Round "-"]
[White "mathew_t"]
[Black "Danny Malett"]
[Result "1-0"]
[WhiteCountry "USA"]
[BlackCountry "USA"]
[WhiteElo "1482"]
[WhiteRD "118"]
[BlackElo "1466"]
[BlackRD "106"]
[GameID "13870"]

1. e4 Nf6 2. d3 e5 3. Nf3 Bc5 4. d4 exd4 5. Nxd4 Nxe4 6. Qe2 d5 7. Be3 O-O 8. Nd2 h6 9. O-O-O Na6 10. Nxe4 dxe4
11. Ne6 Qxd1+ 12. Qxd1 Bxe6 13. c4 b5 14. cxb5 Bxe3+ 15. fxe3 Nb4 16. Qd4 Nxa2+ 17. Kb1 Rfd8 18. Qa4 c6 19. bxc6 Rab8 20. Ka1 Rb6
21. Be2 Nb4 22. c7 Rc8 23. Qxa7 Nd5 24. Rc1 Rb4 25. Qa5 g5 26. Ba6 Rxc7 27. Rxc7 Rb3 28. Bc4 Rb8 29. Bxd5 Bg4 30. Bxf7+ Kg7
31. Qe5+ Kf8 32. Qh8#
1-0

[Event "GCM Online Tournament Group B"]
[Site "SchemingMind.com"]
[Date "2005.06.15"]
[Round "-"]
[White "mathew_t"]
[Black "mdthornton"]
[Result "1-0"]
[WhiteCountry "USA"]
[BlackCountry "GBR"]
[WhiteElo "1583"]
[WhiteRD "103"]
[BlackElo "1416"]
[BlackRD "131"]
[GameID "13871"]

1. e4 c5 2. Nf3 d5 3. e5 Nc6 4. Bb5 a6 5. Bxc6+ bxc6 6. O-O Bg4 7. h3 Bf5 8. d4 Qb8 9. dxc5 e6 10. Qd4 Bxc2
11. Nc3 Qa7 12. Be3 Nh6 13. b4 O-O-O 14. Nh4 a5 15. a3 Be7 16. Ra2 Bb3 17. Rb2 Bc4 18. Rfb1 Kc7 19. bxa5 g5 20. Rb7+ Qxb7
21. Rxb7+ Kxb7 22. Nf3 Ra8 23. Qd1 Rhb8 24. Qb1+ Kc7 25. Qxh7 Rxa5 26. a4 Rb3 27. Bd2 Bxc5 28. Nxd5+ Bxd5 29. Bxa5+ Kb7 30. Qxh6 Ka6
31. Be1 Bb4 32. Bxb4 Rxb4 33. Nxg5 Rb1+ 34. Kh2 Rf1 35. Qh4 f5 36. exf6 e5 37. f7 Bxf7 38. Nxf7 e4 39. Qxe4 Rxf2 40. Qxc6+ Ka7
41. Qc5+
1-0

[Event "GCM Online Tournament Group B"]
[Site "SchemingMind.com"]
[Date "2005.07.20"]
[Round "-"]
[White "mathew_t"]
[Black "AJS"]
[Result "1/2-1/2"]
[WhiteCountry "USA"]
[BlackCountry "USA"]
[WhiteElo "1582"]
[WhiteRD "99"]
[BlackElo "1378"]
[BlackRD "134"]
[GameID "13872"]

1. e4 e5 2. Nf3 Nc6 3. Nc3 Nf6 4. Bc4 Bc5 5. Nxe5 Nxe5 6. d4 Nxc4 7. dxc5 O-O 8. Qd4 Na5 9. O-O b6 10. Re1 bxc5
11. Qxc5 Nb7 12. Qe3 d5 13. Rd1 Re8 14. Nxd5 Nxd5 15. Rxd5 Qxd5 16. exd5 Rxe3 17. Bxe3 Bf5 18. Rc1 Rd8 19. c4 a6 20. b4 Bd3
21. h3 Nd6 22. c5 Nb5 23. a4 Na3 24. Rc3 Rxd5 25. Rxa3 h6 26. Bf4 c6 27. Be3 Be2 28. Kh2 Re5 29. Bf4 Re4 30. Bd2 Rd4
31. Ra2 Bc4 32. Rb2 Rd5 33. Bf4 Rf5 34. Bd6 Rd5 35. Rb1 Rf5 36. Rc1 Be6 37. f3 Rd5=
1/2-1/2

[Event "GCM Online Tournament Group B"]
[Site "SchemingMind.com"]
[Date "2005.06.14"]
[Round "-"]
[White "Marcello"]
[Black "mathew_t"]
[Result "0-1"]
[WhiteCountry "USA"]
[BlackCountry "USA"]
[WhiteElo "1535"]
[WhiteRD "94"]
[BlackElo "1583"]
[BlackRD "103"]
[GameID "13873"]

1. Nf3 Nf6 2. g3 g6 3. d3 Bg7 4. Bg2 O-O 5. O-O Nc6 6. Nbd2 d5 7. c3 e5 8. Re1 e4 9. Nd4 Nxd4 10. cxd4 Re8
11. dxe4 dxe4 12. e3 b5 13. b4 Qd6 14. a3 Ng4 15. Bxe4 Rb8 16. Qc2 Be6 17. Qc6 Qd8 18. Nf3 Bd7 19. Qc5 Rxe4 20. Qxa7 Re8
21. h3 Bc6 22. Nh2 Nxh2 23. Kxh2 Qd5 24. e4 Rxe4 25. Rxe4 Qxe4 26. Qxb8+ Bf8 27. Qxf8+ Kxf8 28. Bh6+ Ke7 29. Rg1 Qc2 30. Re1+ Kd7
31. Rf1 Qb2 32. Bc1 Qe2 33. Kg1 Qf3
0-1

[Event "GCM Online Tournament Group B"]
[Site "SchemingMind.com"]
[Date "2005.05.11"]
[Round "-"]
[White "anthonl"]
[Black "mathew_t"]
[Result "0-1"]
[WhiteCountry "USA"]
[BlackCountry "USA"]
[WhiteElo "1200"]
[WhiteRD "93"]
[BlackElo "1583"]
[BlackRD "103"]
[GameID "13874"]

1. Nf3 d5 2. g3 e6 3. Bg2 Nf6 4. O-O Nc6 5. c3 Bd6 6. Qa4 O-O 7. c4 Ne4 8. cxd5 exd5 9. d4 Qe7 10. Nc3 Be6
11. Qb3 Na5 12. Qb5 Nxc3 13. bxc3 b6 14. Ng5 c6 15. Qd3 g6 16. e4 Rfe8 17. e5 Bc7 18. g4 Bxg4 19. Bf3 Bf5 20. e6 f6
21. Qe3 fxg5 22. Qxg5 Qxe6 23. Bf4 Rac8 24. Rae1 Qd7 25. Bc1 Bd3 26. Qf6 Bxf1 27. Rxe8+ Rxe8 28. Bh6 Bh3 29. Be3 Rf8 30. Qg5 Rxf3
31. Qh5 gxh5
0-1

[Event "GCM Online Tournament Group B"]
[Site "SchemingMind.com"]
[Date "2005.06.01"]
[Round "-"]
[White "Danny Malett"]
[Black "mathew_t"]
[Result "0-1"]
[WhiteCountry "USA"]
[BlackCountry "USA"]
[WhiteElo "1440"]
[WhiteRD "100"]
[BlackElo "1583"]
[BlackRD "103"]
[GameID "13875"]

1. e4 e5 2. Bc4 Nf6 3. c3 d5 4. exd5 Nxd5 5. Qh5 Qd6 6. Nf3 Nc6 7. Ng5 g6 8. Qf3 f6 9. Ne4 Qd8 10. Bxd5 Bg7
11. Ng5 Qe7 12. Bxc6+ Bd7 13. Bxb7 Rb8 14. Ne4 f5 15. d4 fxe4 16. Qxe4 Rxb7 17. Qxb7 exd4+ 18. Kd1 O-O 19. Re1 Qd6 20. c4 d3
21. Qb3 c5 22. Nc3 Rxf2 23. Re8+ Kf7 24. Nb5 Bg4+ 25. Ke1 d2+ 26. Kxf2 Qf4+ 27. Kg1 dxc1=Q+ 28. Re1 Bd4+ 29. Nxd4 Qxd4+ 30. Kh1 Qcxb2
31. Rab1 Qxb3 32. axb3 h5 33. Rf1+ Kg7 34. h3 Bf5 35. Ra1 h4 36. Rad1 Qb2 37. Kg1 Qxb3 38. Ra1 Qxc4 39. Rxa7+ Kf6 40. Rf3 Kg5
41. Ra5 Qb4 42. Raa3 c4 43. Rae3 Qb6 44. Kh2 Bd3 45. Re1 Qd6+ 46. Kg1 c3 47. Ra1 c2 48. Rc1 Qa3 49. Rff1 Bxf1 50. Rxc2 Qa1
51. Kf2 Kf4 52. Rc8 Qb2+ 53. Kxf1 Kg3 54. Re8 Qf2#
0-1

[Event "GCM Online Tournament Group B"]
[Site "SchemingMind.com"]
[Date "2005.04.27"]
[Round "-"]
[White "mdthornton"]
[Black "mathew_t"]
[Result "0-1"]
[WhiteCountry "GBR"]
[BlackCountry "USA"]
[WhiteElo "1456"]
[WhiteRD "135"]
[BlackElo "1482"]
[BlackRD "118"]
[GameID "13876"]

1. e4 e5 2. Qh5 d6 3. Bc4 Nh6 4. d4 Bg4 5. Bxf7+ Kd7 6. Be8+ Qxe8 7. Qxe8+ Kxe8 8. h3 Bh5 9. dxe5 dxe5 10. Nc3 a6
11. Nd5 Bd6 12. b3 Nf7 13. Ba3 Kd8 14. Bxd6 Nxd6 15. g4 Bg6 16. f3 Nxe4 17. Ne2 Ng5 18. O-O-O Nd7 19. f4 Be4 20. Rhf1 Bg2
21. Rg1 Bf3 22. fxg5 Bxe2 23. Rd2 Bf3 24. Nb4 c6 25. Rf1 e4 26. c4 h5 27. Nc2 hxg4 28. hxg4 Kc7 29. Nd4 e3 30. Ne6+ Kc8
31. Rd4 Ne5 32. Re1 e2 33. Kd2 Kb8 34. Rf4 Bxg4 35. Nd4 Ka7 36. Rxg4 Nxg4 37. Rxe2 Rh2 38. g6 Rd8 39. Kc3 Rxe2 40. Nxe2 c5
41. Nf4 Rh8 42. Ne6 Rh6 43. Nxg7 Rxg6 44. Nf5 Rf6 45. Ne7 Rf2 46. Nc8+ Kb8 47. Nb6 Kc7 48. Nd5+ Kd6 49. a4 a5 50. Nb6 Ne5
51. Nc8+ Ke6 52. Na7 Kf5 53. Nb5 Kf4 54. Nd6 b6 55. Nc8 Ke3 56. Nxb6 Nd3 57. Nd5+ Ke4 58. Ne7 Nc1 59. b4 axb4#
0-1

[Event "GCM Online Tournament Group B"]
[Site "SchemingMind.com"]
[Date "2005.07.11"]
[Round "-"]
[White "AJS"]
[Black "mathew_t"]
[Result "1/2-1/2"]
[WhiteCountry "USA"]
[BlackCountry "USA"]
[WhiteElo "1378"]
[WhiteRD "134"]
[BlackElo "1582"]
[BlackRD "99"]
[GameID "13877"]

1. e4 Nc6 2. Nf3 e5 3. Bc4 f5 4. d3 Nf6 5. Bg5 h6 6. Bxf6 Qxf6 7. exf5 Bc5 8. O-O b6 9. c3 Bb7 10. Nbd2 O-O-O
11. Ne4 Qxf5 12. Nxc5 bxc5 13. d4 d6 14. Bd3 e4 15. Nh4 Qg5 16. Bxe4 Rde8 17. Bxc6 Bxc6 18. Nf3 Qf5 19. b4 Re6 20. Nh4 Qe4
21. Re1 Qd5 22. Rxe6 Qxe6 23. bxc5 Re8 24. Qd2 g5 25. c4 Qxc4 26. Nf5 Re2 27. Qd1 Ba4 28. Qf1 Rxa2 29. cxd6 Qxf1+ 30. Rxf1 Re2
31. h4 c6 32. hxg5 hxg5 33. Ra1 Bc2 34. Ng3 Rd2 35. Rxa7 Rxd4 36. Rc7+ Kd8 37. Rxc6 Rd1+ 38. Kh2 Rd2 39. Rc5 g4 40. Rc4 Kd7
41. Rxg4 Rxf2 42. Rd4 Rf6 43. Rd2 Rh6+ 44. Kg1 Bb1 45. Rb2 Bd3 46. Rb7+ Kd8 47. d7 Rd6 48. Nh5 Rxd7 49. Rxd7+ Kxd7 50. Kf2 Kd6
51. Ke3 Bf5= 52. g3 Ke5 53. Kf3 Bc2 54. Kf2 Bf5 55. Ng7=
1/2-1/2